Euro Cup Top Goalscorers - Statistics

General Stats
  • This quiz has been taken 40 times
  • The average score is 11 of 17
Answer Stats
Country Years Goals Player % Correct
Portugal 2004, 2008, 2012, 2016 9 Cristiano Ronaldo
100%
Sweden 2004, 2008, 2012, 2016 6 Zlatan Ibrahimović
94%
France 2000, 2004, 2008 6 Thierry henry
91%
England 2004, 2012, 2016 6 Wayne Rooney
91%
France 2016 6 Antoine Griezmann
86%
Spain 2004, 2008, 2012 5 Fernando Torres
86%
England 1992, 1996, 2000 7 Alan Shearer
80%
France 1984 9 Michel Platini
74%
France 1996, 2000, 2004 5 Zinedine Zidane
69%
Netherlands 1988, 1992 5 Marco van Basten
63%
Netherlands 2004, 2008 6 Ruud van Nistelrooy
63%
Netherlands 1996, 2000 6 Patrick Kluivert
54%
Germany 1988, 1992, 1996 5 Jürgen Klinsmann
51%
Germany 2008, 2012, 2016 5 Mario Gómez
49%
Portugal 2000, 2004, 2008 6 Nuno Gomes
34%
Czech Republic 2004, 2008, 2012 5 Milan Baroš
31%
Serbia 2000 5 Savo Milošević
11%
No matching quizzes found
Score Distribution
Percent of People with Each Score
Percentile by Number Answered
Your Score History
You have not taken this quiz